O ZÁSOBOVANÍ ORGANIZMU NOVORODENÝCH ZVIERAT ŽELEZOM

Bibliographic Details
Main Author: Tončo P. Radev (Author)
Format: Article
Language:Slovak

MARC

LEADER 00000nab a2200000uu 4500
001 vtls011156340
003 SK-MaSNL
005 20260303121624.0
008 230131|1956 xo |||||||||||||||||slo|
015 |a SNBRB 
035 |a (urnnbn)urn:nbn:sk:snk:ar-a0ab6w 
035 |a (uuid)6fc67ca8-3e39-485a-b32a-a50c0c428634 
035 |a urn:nbn:sk:snk-abb4n9 
040 |a SNKBUCL  |b slo  |c SNKBUCL  |e AACR2 
041 0 |a slo 
044 |a xo  |c SK 
100 1 |a Tončo P. Radev  |4 aut  |9 1135368 
245 1 0 |a O ZÁSOBOVANÍ ORGANIZMU NOVORODENÝCH ZVIERAT ŽELEZOM  |c Tončo P. Radev 
246 3 |a UEBER DIE VERSORGUNG DES ORGANISMUS DER NEUGEBORENEN TIERE MIT EISEN 
773 0 |t Poľnohospodárstvo : časopis pre poľnohospodárske vedy  |g Roč. 3, č. 3 (1956), s. 376-380 
954 |a odborná, vedecká literatúra pôvodná (slovenská)  |2 lita 
958 |a OND 
958 |a EUIPO 
958 |a article14 
999 |c 1916721  |d 1918651